ՀՀ Գիտությունների ազգային ակադեմիայի հիմնարար գիտական գրադարան  =   Fundamental Scientific Library of NAS RA

Էսքիզներ / (Record no. 76279)

MARC details
000 -LEADER
fixed length control field 00551nam a2200193 a 4500
001 - CONTROL NUMBER
control field 000217630
003 - CONTROL NUMBER IDENTIFIER
control field AM-YeHGA
005 - DATE AND TIME OF LATEST TRANSACTION
control field 20250618071504.0
008 - FIXED-LENGTH DATA ELEMENTS--GENERAL INFORMATION
fixed length control field 030411s1913 gs r 000 0 arm d
040 ## - CATALOGING SOURCE
Original cataloging agency AM-YeHGA
041 #0 - LANGUAGE CODE
Language code of text/sound track or separate title arm
090 ## - LOCALLY ASSIGNED LC-TYPE CALL NUMBER (OCLC); LOCAL CALL NUMBER (RLIN)
-- 77515
100 1# - MAIN ENTRY--PERSONAL NAME
Personal name Բաշինջաղյան, Գևորգ Զաքարի,
Dates associated with a name 1857-1925
9 (RLIN) 2902
245 10 - TITLE STATEMENT
Title Էսքիզներ /
Statement of responsibility, etc. Գ. Բաշինջաղյան.
260 ## - PUBLICATION, DISTRIBUTION, ETC.
Place of publication, distribution, etc. Թիֆլիզ :
Name of publisher, distributor, etc. Էսպերանտո,
Date of publication, distribution, etc. 1913.
300 ## - PHYSICAL DESCRIPTION
Extent 186 էջ
650 14 - SUBJECT ADDED ENTRY--TOPICAL TERM
Topical term or geographic name entry element Հայ գրականություն
942 ## - ADDED ENTRY ELEMENTS (KOHA)
Source of classification or shelving scheme Universal Decimal Classification
Koha item type Գրքեր / Books
Holdings
Withdrawn status Lost status Source of classification or shelving scheme Damaged status Not for loan Collection Home library Current library Date acquired Total checkouts Full call number Barcode Date last seen Price effective from Koha item type Public note
    Universal Decimal Classification     Agulian Individual Collection Fundamental Scientific Library Fundamental Scientific Library 22/12/2016   Agul/526 FL0080391 22/12/2016 22/12/2016 Գրքեր / Books ILL Non-Circ.
    Universal Decimal Classification     Agulian Individual Collection Fundamental Scientific Library Fundamental Scientific Library 22/12/2016   Agul/527 FL0080390 22/12/2016 22/12/2016 Գրքեր / Books ILL Non-Circ.
          General Fundamental Scientific Library Fundamental Scientific Library 22/12/2016   AII/85472 220085472 22/12/2016 22/12/2016 Գրքեր / Books 30 Days Loan
    Universal Decimal Classification     Rare Books Collection Fundamental Scientific Library Fundamental Scientific Library 22/12/2016   A/548 FL0032040 22/12/2016 22/12/2016 Գրքեր / Books ILL Non-Circ.
    Universal Decimal Classification     Kusikian Individual Collection Fundamental Scientific Library Fundamental Scientific Library 05/03/2020   Կուս/400 FL0624205 05/03/2020 05/03/2020 Գրքեր / Books ILL Non-Circ.


ՀՀ ԳԱԱ հիմնարար գիտական գրադարան
ՀՀ,Երևան 0019
Մարշալ Բաղրամյան 24/6
հեռախոս:(374-10) 52-47-50
Հետադարձ կապ

All site content, except where otherwise noted, is licensed under a
Creative Commons License